000 00521nam a2200181Ia 4500
008 240925s9999 xx 000 0 und d
020 _a8177221337
082 _a005.13 JAI
100 _aJain ,V. K.
245 0 _aProgramming WAP, WAP servlets with WML, WML script and 3G
250 _aNA
260 _aNew Delhi:
_bDream Teach Press
_c,2001.
300 _axvi,700p.
_bNA
_fOriginal
500 _aIncludes Index
600 _aComputer Science
650 _aComputer science, information & general works
942 _cBK
999 _c6663
_d6663